| 000 | 00584cam a2200181 a 4500 | ||
|---|---|---|---|
| 020 | _a0895886642 : | ||
| 082 | 0 | 0 |
_a004.68 _bDOR _cD |
| 100 | 1 |
_aDortch, Michael. _936697 |
|
| 245 | 1 | 4 |
_aThe ABC's of local area networks / _cMichael Dortch. |
| 260 |
_aSan Francisco : _bSYBEX, _cc1990. |
||
| 300 |
_axv, 212 p. : _bill. ; _c23 cm. |
||
| 500 | _aIncludes index. | ||
| 526 |
_a0 _b0 _c0 _d004_680000000000000_DOR |
||
| 526 |
_a0 _b0 _c0 _d004_680000000000000_DOR |
||
| 526 |
_a0 _b0 _c0 _d004_680000000000000_DOR |
||
| 650 | 0 |
_aLocal area networks (Computer networks) _936698 |
|
| 942 |
_2ddc _cBK |
||
| 999 |
_c541696 _d541696 |
||